Gerontología social
Збережено в:
| Автор: | |
|---|---|
| Формат: | Книга |
| Мова: | Іспанська |
| Опубліковано: |
Madrid
Pirámide
2009
|
| Серія: | Psicología
|
| Предмети: | |
| Теги: |
Додати тег
Немає тегів, Будьте першим, хто поставить тег для цього запису!
|
MARC
| LEADER | 00000cam a2200000 a 4500 | ||
|---|---|---|---|
| 001 | UCF2711 | ||
| 003 | CL-VaPUC | ||
| 008 | 120910e20090000SP |||||||||||||||||spa|d | ||
| 020 | |a 9788436814378 | ||
| 082 | 0 | 4 | |a 362.6 |b FER |2 21 |
| 100 | |a Fernández Ballesteros, Rocío |e author |9 549940 | ||
| 245 | 1 | 0 | |a Gerontología social |
| 300 | |a 612 p | ||
| 942 | |c BK | ||
| 945 | |d 20120910 00:00:00 |a cmena | ||
| 260 | |a Madrid |b Pirámide |c 2009 | ||
| 650 | 0 | |a Tercera edad |9 307285 | |
| 650 | 7 | |a GERONTOLOGIA |2 CL-VaPUC |9 309824 | |
| 650 | 0 | |a Aspectos sociales |9 254894 | |
| 650 | 0 | |a Trabajo social |9 307856 | |
| 583 | |a last modification |c 20120910 11:39:00 |k Rodrigo Vera | ||
| 490 | 0 | |a Psicología | |
| 999 | |c 349251 |d 349249 | ||
| 952 | |0 0 |1 0 |4 0 |6 362_600000000000000_FER_2009 |7 0 |8 A |9 451798 |a BIBEDU |b BIBEDU |d 2019-11-22 |i 4899962 |l 1 |o 362.6 FER 2009 |p 4899962 |r 2025-01-06 |s 2024-11-28 |w 2019-11-22 |y BK |k PSI | ||
| 952 | |0 0 |1 0 |4 0 |6 362_600000000000000_FER_2009 |7 0 |8 A |9 451799 |a BIBEDU |b BIBEDU |d 2019-11-22 |i 4899970 |o 362.6 FER 2009 |p 4899970 |r 2019-11-22 |w 2019-11-22 |y BK |k PSI | ||